Marsupials and Monotremes by Picture - Statistics

General Stats
  • This quiz has been taken 603 times
    320 since last reset
  • The average score is 9 of 13
Answer Stats
Picture Hint Answer % Correct
marsupial koala
99%
marsupial red kangaroo
99%
monotreme platypus
94%
marsupial wallaby
87%
marsupial wombat
85%
marsupial Virginia opossum
84%
marsupial Tasmanian devil
83%
monotreme echidna
80%
marsupial Tasmanian tiger / thylacine
66%
marsupial quokka
58%
marsupial sugar glider
45%
marsupial bandicoot
23%
marsupial numbat
21%
No matching quizzes found
Score Distribution
Percent of People with Each Score
Percentile by Number Answered
Your Score History
You have not taken this quiz since the last reset